Capitales de l'Amérique du Nord - Quiz - Statistiques

Statistiques générales
  • Ce quiz a été pris 3 279 fois
  • Le résultat moyen est 14 sur 23
Réponses sur la Carte
Les réponses sont colorées sur une échelle allant du rouge au vert en fonction du pourcentage des utilisateurs qui les ont devinées à leur premier essai. Vous pouvez retrouver ces pourcentages ci-dessous.
 
Statistiques - réponses
Pays Capitale % Correct
États-Unis Washington, D.C.
98%
Mexique Mexico
95%
Canada Ottawa
95%
Panama Panama
83%
Cuba La Havane
79%
Guatemala Guatemala
73%
Salvador San Salvador
68%
Jamaïque Kingston
66%
Haïti Port-au-Prince
66%
République Dominicaine Saint-Domingue
60%
Costa Rica San José
59%
Saint-Vincent-et-les-Grenadines Kingstown
53%
Bahamas Nassau
51%
Trinité-et-Tobago Port-d'Espagne
51%
Nicaragua Managua
48%
Honduras Tegucigalpa
48%
Belize Belmopan
45%
Antigua-et-Barbuda Saint John's
45%
Grenade Saint George's
44%
Dominique Roseau
41%
Saint-Christophe-et-Niévès Basseterre
39%
Barbade Bridgetown
37%
Sainte-Lucie Castries
36%
Aucun quiz correspondant
Distribution des résultats
% des personnes avec chaque résultat
Percentile par nombre de réponses
Votre historique - résultats
Vous n’avez pas pris ce quiz